| 000 | 00833cam a22002533a 4500 | ||
|---|---|---|---|
| 001 | 2405 | ||
| 003 | PGUSA | ||
| 005 | 20140828083014.0 | ||
| 008 | 001101s2000||||xxu|||||s|||||000 | eng d | ||
| 040 |
_aPGUSA _beng |
||
| 042 | _adc | ||
| 050 | 4 | _aPT | |
| 100 | 1 |
_aGoethe, Johann Wolfgang von, _d1749-1832 |
|
| 245 | 1 | 0 |
_aItalienische Reise — Band 2 _h[electronic resource] / _cJohann Wolfgang von Goethe |
| 260 |
_bProject Gutenberg, _c2000 |
||
| 506 | _aPublic domain in the USA. | ||
| 516 | _aElectronic text | ||
| 653 | _aItaly -- Description and travel -- Early works to 1800 | ||
| 653 | _aGoethe, Johann Wolfgang von, 1749-1832 -- Travel -- Italy | ||
| 653 | _aAuthors, German -- 18th century -- Travel -- Italy | ||
| 830 | 0 |
_aProject Gutenberg _v2405 |
|
| 856 | 4 | 0 | _uhttp://www.gutenberg.org/ebooks/2405 |
| 942 | _cEB | ||
| 999 |
_c231742 _d231742 |
||